Readings in the economics of taxation (Record no. 79982)

MARC details
000 -LEADER
fixed length control field 00686nam a2200145 a 4500
008 - FIXED-LENGTH DATA ELEMENTS--GENERAL INFORMATION
fixed length control field 120416s1959 ||||||||||||||||| || u
050 ## - LIBRARY OF CONGRESS CALL NUMBER
Classification number HJ 2240 Ame
245 10 - TITLE STATEMENT
Title Readings in the economics of taxation
246 ## -
-- selected by a committee of the American Economic Association
260 ## - PUBLICATION, DISTRIBUTION, ETC.
Place of publication, distribution, etc. London
Name of publisher, distributor, etc. Allen and Unwin
Date of publication, distribution, etc. 1959
300 ## - PHYSICAL DESCRIPTION
Extent ix, 581p. : ill.
350 ## -
-- 0.00
995 ## -
-- ANNEX COLLECTION (Main Library)
-- 0.00
-- 093716
-- CBU-MAIN LIBRARY (Kitwe)
-- 1
-- 0.00
-- HJ 2240 Ame
-- 2
-- AVAILABLE
-- 008370
-- Annex Low-Usage Collection
995 ## -
-- ANNEX COLLECTION (Main Library)
-- 0.00
-- 043309
-- CBU-MAIN LIBRARY (Kitwe)
-- 2
-- 0.00
-- HJ 2240 Ame
-- AVAILABLE
-- 008369
-- Annex Low-Usage Collection
999 ## -
-- 79982
-- 79982
Holdings
Withdrawn status Lost status Source of classification or shelving scheme Damaged status Not for loan Permanent Location Current Location Shelving location Date acquired Total Checkouts Full call number Barcode Date last seen Copy number Price effective from Koha item type
          CBU-MAIN LIBRARY, KITWE. CBU-MAIN LIBRARY, KITWE.   06/29/2023   HJ 2240 Ame 008370 06/29/2023 1 06/29/2023 MONOGRAPH
          CBU-MAIN LIBRARY, KITWE. CBU-MAIN LIBRARY, KITWE.   06/29/2023   HJ 2240 Ame 008369 06/29/2023 2 06/29/2023 MONOGRAPH